| 000 | 01358nam2a22002771 4500 | ||
|---|---|---|---|
| 001 | RU\NLR\19V\935362 | ||
| 005 | 20250614042941.0 | ||
| 010 |
_d1 крб. 90 коп., пер. 25 коп. _93000 |
||
| 035 | _a(NLR Aleph) 010364375 | ||
| 090 |
_a9590046 _c9590046 |
||
| 100 | _a20140529d1928 |||y0rusy50 ca | ||
| 101 | 0 | _aukr | |
| 102 | _aRU | ||
| 105 | _aab z |||c| | ||
| 200 | 1 | _aІсторіографічний вступ і доба натурального господарства | |
| 210 |
_d1928 _aБ. м. |
||
| 215 |
_a124, [1] с., 3 л. карт. _d24 |
||
| 300 | _aСодержит только "Історіографічний вступ " | ||
| 320 | _aБиблиогр. в подстроч. примеч. | ||
| 461 | 0 |
_1001RU\NLR\19V\935361 _12001#$aНарис історії України на соціяльно-економічному грунті$fакад. Д.І. Багалій$vТ. 1 _99590043 _aБагалій, Д. І. (1857-1932) _c[Харьків] _d1928 _fакад. Д.І. Багалій _nДержавне выдавництво України _tНарис історії України на соціяльно-економічному грунті _vТ. 1 |
|
| 801 | 0 |
_aRU _bNLR _c20140529 _gpsbo |
|
| 801 | 1 |
_aRU _bNLR _c20140529 _2rusmarc |
|
| 801 | 2 |
_aRU _bNLR _c20140529 _2rusmarc |
|
| 852 |
_aNLR _j94/2163 |
||
| 942 | _cBOOK | ||
| 980 | _aNB | ||